• 首页
  • 本馆介绍
  • 公告通知
  • 最新文献
  • 馆藏检索
  • 电子资源
  • 读者导购
  • 参考咨询
  • 我的图书馆
  • 登录
  • 详细信息显示
  • 放入我的书架
  • 预约/预借图书
  • 作者相关作品
  • 分类相关作品
  • 丛书相关作品
  • 出版社相关作品

书目信息

  • 表格格式
  • 工作单格式
  • 卡片格式
题名:
蔡元培教育文选
    
 
作者: 蔡元培 著 ;高平叔 编
分册:  
出版信息: 北京   人民教育出版社  1980
页数: 252页
开本: 19cm
丛书名:
单 册:
中图分类: G409
科图分类:
主题词: 教育--文集 , 教育学
电子资源:
ISBN:
000 00655nam0 2200253 45
001 1238332056
005 20121004104033.54
010    @dCNY0.85
091    @aCN@b7012.0141
100    @a19950606d1980 emky0chiy0121 ea
101 0  @achi
102    @aCN@b110000
105    @ay z 000yy
200 10 @a蔡元培教育文选@Acai yuan pei jiao yu wen xuan@f蔡元培著@g高平叔编
210    @a北京@c人民教育出版社@d1980
215    @a252页@d19cm
606 0  @a教育@x文集
606 0  @a教育学
690    @aG409@v4
701  0 @a蔡元培@Acai yuan pei@4著
702  0 @a高平叔@Agao ping shu@4编
801  0 @aCN@bTSSF
801  2 @aCN@bNLC
905    @a10447@dG409@eJY35
    
    蔡元培教育文选/蔡元培著/高平叔编.-北京:人民教育出版社,1980
    252页;19cm
    
    
    ISBN :CNY0.85
    
●
相关链接 在E读中查询图书 在五车中查询图书 在当当中查询图书 在豆瓣中查询图书


正题名:蔡元培教育文选     索取号:G409/JY35         预约/预借

序号 登录号 条形码 馆藏地/架位号 状态 备注
1 7805118   278051180   学院路分馆/ [索取号:G409/JY35] 在馆    
唐山师范学院图书馆 欢迎您!
大连网信软件有限公司© 版权所有